| 000 | 00928nam a22002897a 4500 | ||
|---|---|---|---|
| 003 | CHAP | ||
| 005 | 20220329134901.0 | ||
| 008 | 971013s r 10010 d | ||
| 010 | _a27486 | ||
| 011 | _a28458 | ||
| 035 | _a32562 | ||
| 040 | _cCHAP | ||
| 090 | _aFolleto 2381 (1971) | ||
| 111 | 0 | 0 |
_aCongreso Nacional de la Ciencia del Suelo ( _d5 _d: 1971 _c: Guadalajara, Jal.) _927045 |
| 245 | _aPrograma general | ||
| 260 |
_a(s.l.) : _bSociedad Mexicana de la Ciencia del Suelo, _c(s.a.) |
||
| 300 | _as.p. | ||
| 590 |
_aBATCH-UPD _b10 _c20130110 _lUCH01 _h1523 |
||
| 590 |
_aBATCH-UPD _b10 _c20130410 _lUCH01 _h0934 |
||
| 590 |
_aBATCH-UPD _b10 _c20130914 _lUCH01 _h1953 |
||
| 590 |
_aCONVERSION _b10 _c20130109 _lUCH01 _h1316 |
||
| 650 | 1 | 4 |
_aSuelos _xCongresos. _9110281 |
| 650 | 1 | 4 |
_aSuelos _xCongresos _xMéxico. _9110282 |
| 901 | _aBK | ||
| 942 | _cFOLL | ||
| 949 |
_aFolleto 2381 (1971) _bBC _cFOLL _d-75870 _eTS1 _i32562 _mD _si |
||
| 999 |
_c27486 _d27486 |
||